Southville International School and Colleges
Your cart is empty.
  • Cart
  • Lists
    Public lists Eva Luna New books Lux_list list_1
    Your lists Log in to create your own lists
  • Log in to your account
  • Your cookies
  • Search history
Southville International School and Colleges
  • Advanced search
  • Recent comments
  • Most popular
  • Libraries

Log in to your account

Log in with GOOGLE


If you do not have an external account, but do have a local account, you can still log in:

  1. Home
  2. MARC view: Lippincott's Illustrated Reviews Pharmacology /
Normal view MARC view ISBD view

Lippincott's Illustrated Reviews Pharmacology / (Record no. 14058)

[ view plain ]
MARC details
000 -LEADER
fixed length control field 02668cam a22004214a 4500
001 - CONTROL NUMBER
control field 15215392
003 - CONTROL NUMBER IDENTIFIER
control field OSt
005 - DATE AND TIME OF LATEST TRANSACTION
control field 20140310182525.0
008 - FIXED-LENGTH DATA ELEMENTS--GENERAL INFORMATION
fixed length control field 080310s2009 paua 001 0 eng
010 ## - LIBRARY OF CONGRESS CONTROL NUMBER
LC control number 2008011182
016 7# - NATIONAL BIBLIOGRAPHIC AGENCY CONTROL NUMBER
Record control number 101468229
Source DNLM
020 ## - INTERNATIONAL STANDARD BOOK NUMBER
International Standard Book Number 9781605472003
020 ## - INTERNATIONAL STANDARD BOOK NUMBER
International Standard Book Number 160547200X
035 ## - SYSTEM CONTROL NUMBER
System control number (OCoLC)ocn213379671
040 ## - CATALOGING SOURCE
Original cataloging agency DNLM/DLC
Transcribing agency DLC
Modifying agency NLM
-- BAKER
-- BTCTA
-- YDXCP
-- C#P
-- CDX
-- OUP
-- DLC
042 ## - AUTHENTICATION CODE
Authentication code pcc
050 10 - LIBRARY OF CONGRESS CALL NUMBER
Classification number RM 301.14
Item number .L765 2009
060 10 - NATIONAL LIBRARY OF MEDICINE CALL NUMBER
Classification number QV 18.2
Item number F499pa 2009
245 10 - TITLE STATEMENT
Title Lippincott's Illustrated Reviews Pharmacology /
Statement of responsibility, etc Richard Finkel, Michelle A. Clark, Luigi X. Cubeddu. (editors)
250 ## - EDITION STATEMENT
Edition statement 4th ed.
260 ## - PUBLICATION, DISTRIBUTION, ETC. (IMPRINT)
Place of publication, distribution, etc Philadelphia :
Name of publisher, distributor, etc Lippincott Williams & Wilkins,
Date of publication, distribution, etc c2009.
300 ## - PHYSICAL DESCRIPTION
Extent 564 p. :
Other physical details col. ill. ;
Dimensions 28 cm.
440 #0 - SERIES STATEMENT/ADDED ENTRY--TITLE
Title Lippincott's illustrated reviews
9 (RLIN) 8754
500 ## - GENERAL NOTE
General note Includes index.
505 0# - FORMATTED CONTENTS NOTE
Formatted contents note Pharmacokinetics -- Drug-receptor interactions and pharmacodynamics -- The autonomic nervous system -- Cholinergic agonists -- Cholinergic antagonists -- Adrenergic agonists -- Adrenergic antagonists -- Neurodegenerative diseases -- Anxiolytic and hypnotic drugs -- CNS Stimulants -- Anesthetics -- Neuroleptics -- Opioids -- Epilepsy -- Heart failure -- Antiarrhythmics -- Antianginal drugs -- Antihypertensives -- Blood drugs -- Hyperlipidemia -- Diuretics -- Pituitary and Thyroid -- Insulin and oral hypoglycemic drugs -- Estrogens and Androgens -- Adrenal hormones -- Respiratory system -- Gastrointestinal and antiemetic drugs -- Other therapies -- Principles of antimicrobial therapy -- Cell wall inhibitors -- Protein synthesis inhibitors -- Quinolones, Folic acid antagonists and urinary tract antiseptics -- Antimycobacterials -- Antifungal drugs -- Antiprotozoal drugs -- Anthelmintic drugs -- Antiviral drugs -- Anticancer drugs -- Immunosuppressants -- Anti-inflammatory drugs -- Autacoids and autacoid antagonists -- Toxicology.
650 #0 - SUBJECT ADDED ENTRY--TOPICAL TERM
Topical term or geographic name as entry element Pharmacology
Form subdivision Outlines, syllabi, etc.
9 (RLIN) 9467
650 #0 - SUBJECT ADDED ENTRY--TOPICAL TERM
Topical term or geographic name as entry element Pharmacology
Form subdivision Examinations, questions, etc.
9 (RLIN) 9468
650 12 - SUBJECT ADDED ENTRY--TOPICAL TERM
Topical term or geographic name as entry element Pharmacology
Form subdivision Examination Questions.
9 (RLIN) 9469
650 12 - SUBJECT ADDED ENTRY--TOPICAL TERM
Topical term or geographic name as entry element Pharmacology
Form subdivision Outlines.
9 (RLIN) 9470
700 1# - ADDED ENTRY--PERSONAL NAME
Personal name Clark, Michelle Alexia.
9 (RLIN) 9471
700 1# - ADDED ENTRY--PERSONAL NAME
Personal name Cubeddu, Luigi X.
9 (RLIN) 9472
856 42 - ELECTRONIC LOCATION AND ACCESS
Materials specified Publisher description
Uniform Resource Identifier <a href="http://www.loc.gov/catdir/enhancements/fy0828/2008011182-d.html">http://www.loc.gov/catdir/enhancements/fy0828/2008011182-d.html</a>
856 41 - ELECTRONIC LOCATION AND ACCESS
Materials specified Table of contents only
Uniform Resource Identifier <a href="http://www.loc.gov/catdir/enhancements/fy0837/2008011182-t.html">http://www.loc.gov/catdir/enhancements/fy0837/2008011182-t.html</a>
906 ## - LOCAL DATA ELEMENT F, LDF (RLIN)
a 7
b cbc
c orignew
d 1
e ecip
f 20
g y-gencatlg
942 ## - ADDED ENTRY ELEMENTS (KOHA)
Source of classification or shelving scheme Library of Congress Classification
Koha item type
Holdings
Withdrawn status Lost status Source of classification or shelving scheme Damaged status Home library Current library Shelving location Date acquired Source of acquisition Total Checkouts Total Renewals Full call number Barcode Date last seen Date checked out Copy number Price effective from Koha item type
    Library of Congress Classification   South SEED-LPDH College Library South SEED-LPDH College Library South SEED-LPDH College Section 08/12/2013 Donation 4 39 RM 301.14 .L765 2009 SSLC0559 05/15/2018 10/05/2017 1 08/12/2013 Books

Lippincott's Illustrated Reviews Pharmacology /

APA

Clark M. A., Cubeddu L. X., . (2009). Lippincott's Illustrated Reviews Pharmacology. Philadelphia: Lippincott Williams & Wilkins.

Chicago

Clark Michelle Alexia, Cubeddu Luigi X, . 2009. Lippincott's Illustrated Reviews Pharmacology. Philadelphia: Lippincott Williams & Wilkins.

Harvard

Clark M. A., Cubeddu L. X., . (2009). Lippincott's Illustrated Reviews Pharmacology. Philadelphia: Lippincott Williams & Wilkins.

MLA

Clark Michelle Alexia, Cubeddu Luigi X, . Lippincott's Illustrated Reviews Pharmacology. Philadelphia: Lippincott Williams & Wilkins. 2009.

  • Place hold
  • Print
  • Cite
  • Add to your cart (remove)
  • Save record
    BIBTEX Dublin Core MARCXML MARC (non-Unicode/MARC-8) MARC (Unicode/UTF-8) MARC (Unicode/UTF-8, Standard) MODS (XML) RIS
  • More searches
    Search for this title in:
    Other Libraries (WorldCat) Other Databases (Google Scholar) Online Stores (Bookfinder.com) Open Library (openlibrary.org)

Exporting to Dublin Core...

SOUTHVILLE LIBRARY

Southville International School and Colleges Library

1281 Tropical Ave. Cor. Luxembourg St., BF Homes International, Las Pinas City

Tel. No. 8256374 / 252358 Loc. 117/146

Powered by Koha